<?xml version="1.0" encoding="UTF-8"?>
<record
    xmlns:xsi="http://www.w3.org/2001/XMLSchema-instance"
    xsi:schemaLocation="http://www.loc.gov/MARC21/slim http://www.loc.gov/standards/marcxml/schema/MARC21slim.xsd"
    xmlns="http://www.loc.gov/MARC21/slim">

  <leader>01380nam a2200253 i 4500</leader>
  <controlfield tag="003">DO-SdBNP</controlfield>
  <controlfield tag="005">20230503153838.0</controlfield>
  <controlfield tag="006">a||||fr|||| 00| 0 </controlfield>
  <controlfield tag="007">ta</controlfield>
  <controlfield tag="008">230503e2014    dr adocfr|||| 001 0 spa d</controlfield>
  <datafield tag="040" ind1=" " ind2=" ">
    <subfield code="a">DO-SdBNP</subfield>
    <subfield code="b">spa</subfield>
    <subfield code="c">BNPHU</subfield>
    <subfield code="e">rda</subfield>
  </datafield>
  <datafield tag="082" ind1=" " ind2="4">
    <subfield code="2">22</subfield>
    <subfield code="b">I43ges</subfield>
  </datafield>
  <datafield tag="245" ind1="0" ind2="0">
    <subfield code="a">Informe gesti&#xF3;n anual 2014:</subfield>
    <subfield code="b">Iniciativas reales vidas sostenibles. /</subfield>
    <subfield code="c">Fotograf&#xED;a, Luis Nova y Gustavo Arbona</subfield>
  </datafield>
  <datafield tag="264" ind1="3" ind2="0">
    <subfield code="a">Santo Domingo :</subfield>
    <subfield code="b">Banco Popular Dominicano, S. A.,</subfield>
    <subfield code="c">2014</subfield>
  </datafield>
  <datafield tag="300" ind1=" " ind2=" ">
    <subfield code="a">219 p&#xE1;ginas :</subfield>
    <subfield code="b">ilustraciones, gr&#xE1;ficas, fotograf&#xED;as, retratos ;</subfield>
    <subfield code="c">29 cm.</subfield>
  </datafield>
  <datafield tag="336" ind1=" " ind2=" ">
    <subfield code="2">rdaconten</subfield>
    <subfield code="a">texto</subfield>
    <subfield code="b">text</subfield>
  </datafield>
  <datafield tag="337" ind1=" " ind2=" ">
    <subfield code="2">rdamedia   </subfield>
    <subfield code="a">sin medici&#xF3;n</subfield>
    <subfield code="b">n</subfield>
  </datafield>
  <datafield tag="338" ind1=" " ind2=" ">
    <subfield code="2">rdacarrier</subfield>
    <subfield code="a">volumen</subfield>
    <subfield code="b">nc</subfield>
  </datafield>
  <datafield tag="505" ind1=" " ind2=" ">
    <subfield code="a">volumen</subfield>
    <subfield code="t">Carta del Presidente.--</subfield>
    <subfield code="t">Informe del Consejo de Administraci&#xF3;n.--</subfield>
    <subfield code="t">Filiales del Grupo Popular, S. A. Principales logros en 2014.--</subfield>
    <subfield code="t">Relevo Generacional.--</subfield>
    <subfield code="t">Adi&#xF3;s a Pedro A. Rodr&#xED;guez y J. Armando Berm&#xFA;dez.--</subfield>
    <subfield code="t">Iniciativas reales, vidas sostenibles.--</subfield>
    <subfield code="t">Educaci&#xF3;n y oportunidad.--</subfield>
    <subfield code="t">Innovaci&#xF3;n y calidad de vida.--</subfield>
    <subfield code="t">Inclusi&#xF3;n y desarrollo.--</subfield>
    <subfield code="t">Apoyo empresarial y social.--</subfield>
    <subfield code="t">Sostenibilidad energ&#xE9;tica y medioambiental.--</subfield>
    <subfield code="t">Proyecci&#xF3;n de la identidad nacional.--</subfield>
    <subfield code="t">Estados financieros.--</subfield>
    <subfield code="t">Directorios.</subfield>
  </datafield>
  <datafield tag="590" ind1=" " ind2=" ">
    <subfield code="a">Inventariado 2023 / MF</subfield>
  </datafield>
  <datafield tag="700" ind1="1" ind2=" ">
    <subfield code="a">Nova, Luis</subfield>
    <subfield code="e">fotograf&#xED;a</subfield>
    <subfield code="9">36995</subfield>
  </datafield>
  <datafield tag="700" ind1="1" ind2=" ">
    <subfield code="a">Arbona, Gustavo</subfield>
    <subfield code="e">fotograf&#xED;a</subfield>
    <subfield code="9">83320</subfield>
  </datafield>
  <datafield tag="942" ind1=" " ind2=" ">
    <subfield code="2">ddc</subfield>
    <subfield code="c">LBS1</subfield>
  </datafield>
  <datafield tag="952" ind1=" " ind2=" ">
    <subfield code="0">0</subfield>
    <subfield code="1">0</subfield>
    <subfield code="2">ddc</subfield>
    <subfield code="5">1</subfield>
    <subfield code="7">0</subfield>
    <subfield code="8">PD</subfield>
    <subfield code="a">BNPHU</subfield>
    <subfield code="b">BNPHU</subfield>
    <subfield code="c">CT</subfield>
    <subfield code="d">2021-11-02</subfield>
    <subfield code="e">Donado por Wilfredo Alemani</subfield>
    <subfield code="l">0</subfield>
    <subfield code="o">I43ges</subfield>
    <subfield code="p">2023-1575</subfield>
    <subfield code="r">2023-05-03</subfield>
    <subfield code="w">2023-05-03</subfield>
    <subfield code="y">LBS1</subfield>
  </datafield>
  <datafield tag="999" ind1=" " ind2=" ">
    <subfield code="c">53410</subfield>
    <subfield code="d">53410</subfield>
  </datafield>
</record>
